MARC

Tag First Indicator Second Indicator Subfields
LEADER 00000cam a2200000 a 4500
001 in00000024924
005 20151007055645.0
008 880621s1987 dcubd b 00010 eng d
010 |a  87050685  
020 |a 0309044111 (pbk.) :  |c $7.60 
035 |a (OCoLC)18117967 
035 |9 AAB8870AM 
040 |a CBT  |c CBT  |d TXA  |d UtOrBLW 
049 |a TXAM  |c [A10991365] 
050 4 |a TE153  |b .B74 1987 
100 1 |a Briggs, Dwight. 
245 1 0 |a Integrated highway information systems /  |c Dwight W. Briggs, Benjamin V. Chatfield. 
264 1 |a Washington, D.C. :  |b Transportation Research Board, National Research Council,  |c 1987. 
300 |a 31 pages :  |b charts, maps ;  |c 28 cm. 
336 |a text  |b txt  |2 rdacontent 
337 |a unmediated  |b n  |2 rdamedia 
338 |a volume  |b nc  |2 rdacarrier 
490 1 |a Synthesis of highway practice,  |x 0547-5570 ;  |v 133 
500 |a "Research sponsored by the American Association of State Highway and Transportation Officials in cooperation with the Federal Highway Administration." 
500 |a "October 1987." 
504 |a Bibliography: pages 30-31. 
650 0 |a Highway engineering  |x Data processing. 
650 0 |a Traffic engineering  |x Data processing. 
650 0 |a Roads  |x Maintenance and repair  |x Data processing. 
700 1 |a Chatfield, Benjamin V. 
710 2 |a American Association of State Highway and Transportation Officials. 
710 2 |a National Research Council (U.S.).  |b Transportation Research Board. 
830 0 |a Synthesis of highway practice ;  |v 133. 
999 |a MARS 
999 f f |s 2605fb95-ca1b-3790-a297-ef0938b4bc75  |i 32646fd3-6e91-38fe-b6ea-a434298f68f0  |t 0 
952 f f |p ric  |a Texas A&M University  |b Rellis Campus  |c Joint Library Facility  |d Remote Storage  |t 0  |e TE153 .B74 1987  |h Library of Congress classification  |i unmediated -- volume  |m A14810991365 
952 f f |p default  |a Texas A&M University  |b College Station  |c Sterling C. Evans Library  |d Evans: Microforms (3rd floor)  |t 0  |e fiche S 835 no.133  |h Other scheme  |i unmediated -- volume 
998 f f |a TE153 .B74 1987  |t 0  |l Remote Storage 
998 f f |a fiche S 835 no.133  |t 0  |l Evans: Microforms (3rd floor)